000 00766nam a22001937a 4500
005 2010072604384.0
010 _aENG-96882
020 _a9788190706087
_c250.00
035 _aEN-80415
037 _bDBAD/PUB
082 _a280
100 _aNadvi, Jaleel Ahsan
_91397
245 _aThe prophetic way of life :
_ban anthology of prophetic mandets to reform charactorsticks /
_cby Jaleel Ahsan Nadvi
260 _aNew Delhi
_bAl Hasanat Books
_c2009
270 _a3004/2 Sir Syed Ahmad Road, Darya Ganj,
_bNew Delhi
_e110002
_k011-23271845
_l011-41563256
_malhasanatbooks@rediffmail.com
300 _a336p.
_c22cm, (Hb)
942 _2ddc
_cEN
_mNAD
999 _c37646
_d37646